[Event "European Senior Team Chess Championship "]
[Site "Hotel AIRO Vienna, Kurbadstr. "]
[Date "2015.07.12"]
[Round "1"]
[White "Zunker, Reinhard"]
[Black "Balashov, Yuri S"]
[Result "1/2-1/2"]
[WhiteElo "2153"]
[BlackElo "2437"]
[PlyCount "49"]
[EventDate "2015.07.12"]
[EventType "team"]
[EventRounds "9"]
[EventCountry "AUT"]
[WhiteTeam "Hessen 2"]
[BlackTeam "Russia 1"]

1. c4 e5 2. Nc3 d6 3. g3 Nc6 4. Nf3 f5 5. d4 e4 6. d5 exf3 7. dxc6 bxc6 8. exf3
Be7 9. Bg2 Bf6 10. O-O Ne7 11. f4 Be6 12. Re1 Qd7 13. Qe2 Bf7 14. Be3 O-O 15.
Qd3 Rfe8 16. Bd4 Bxd4 17. Qxd4 c5 18. Qd3 Nc6 19. Bxc6 Qxc6 20. Nd5 Qd7 21.
Rad1 Rab8 22. b3 Be6 23. Re3 Bxd5 24. Qxd5+ Qf7 25. Rxe8+ 1/2-1/2

[Event "European Senior Team Chess Championship "]
[Site "Hotel AIRO Vienna, Kurbadstr. "]
[Date "2015.07.12"]
[Round "1"]
[White "Zhelnin, Vladimir V"]
[Black "Biller, Helmut"]
[Result "1-0"]
[WhiteElo "2473"]
[BlackElo "2112"]
[PlyCount "99"]
[EventDate "2015.07.12"]
[EventType "team"]
[EventRounds "9"]
[EventCountry "AUT"]
[WhiteTeam "Russia 1"]
[BlackTeam "Hessen 2"]

1. e4 d6 2. d4 Nf6 3. Nc3 g6 4. Nf3 Bg7 5. Be2 c6 6. O-O O-O 7. Re1 Qc7 8. e5
dxe5 9. Nxe5 Nbd7 10. Bf4 Qa5 11. Nc4 Qd8 12. Bf3 Nb6 13. Ne5 Nfd5 14. Nxd5
cxd5 15. c3 e6 16. b3 Bd7 17. Qd2 Rc8 18. Rac1 Bc6 19. h4 Nd7 20. Nxd7 Qxd7 21.
h5 Rfe8 22. Re3 f6 23. hxg6 hxg6 24. Rce1 Qf7 25. Bd1 g5 26. Bh2 Bd7 27. Rh3 e5
28. Bh5 Qe7 29. Bxe8 Bxh3 30. Bg6 Be6 31. dxe5 f5 32. Qd3 f4 33. g3 Rf8 34. Bh5
Rf5 35. Bg4 Rf8 36. Bf3 g4 37. Bxd5 f3 38. c4 Qf7 39. Qe4 b6 40. Kf1 Rd8 41.
Rd1 Re8 42. Rd4 Bxd5 43. cxd5 Qh5 44. Qxg4 Qxh2 45. Qxf3 Rxe5 46. Rh4 Re1+ 47.
Kxe1 Qg1+ 48. Ke2 Qb1 49. Qd3 Qxa2+ 50. Kf1 1-0

[Event "European Senior Team Chess Championship "]
[Site "Hotel AIRO Vienna, Kurbadstr. "]
[Date "2015.07.12"]
[Round "1"]
[White "Falk, Thomas"]
[Black "Pushkov, Nikolai"]
[Result "0-1"]
[WhiteElo "2101"]
[BlackElo "2301"]
[PlyCount "44"]
[EventDate "2015.07.12"]
[EventType "team"]
[EventRounds "9"]
[EventCountry "AUT"]
[WhiteTeam "Hessen 2"]
[BlackTeam "Russia 1"]

1. d4 Nf6 2. Nf3 e6 3. g3 d5 4. c4 Bb4+ 5. Bd2 Be7 6. Bg2 c6 7. Qc2 Nbd7 8. O-O
O-O 9. Rd1 b6 10. b3 Ba6 11. Bf4 Rc8 12. Nc3 c5 13. dxc5 Bxc5 14. Ne5 Nxe5 15.
Bxe5 Bxf2+ 16. Kxf2 Ng4+ 17. Kg1 Nxe5 18. cxd5 Qc7 19. Rac1 Qc5+ 20. Kh1 Ng4
21. Be4 f5 22. Bd3 Qf2 0-1

[Event "European Senior Team Chess Championship "]
[Site "Hotel AIRO Vienna, Kurbadstr. "]
[Date "2015.07.12"]
[Round "1"]
[White "Zakharov, Alexander"]
[Black "Haase, Wolfgang"]
[Result "1/2-1/2"]
[WhiteElo "2329"]
[BlackElo "2088"]
[PlyCount "157"]
[EventDate "2015.07.12"]
[EventType "team"]
[EventRounds "9"]
[EventCountry "AUT"]
[WhiteTeam "Russia 1"]
[BlackTeam "Hessen 2"]

1. e4 c5 2. Nf3 a6 3. c3 d5 4. exd5 Qxd5 5. d4 e6 6. Be2 Nf6 7. O-O cxd4 8.
Nxd4 Bc5 9. Bf3 Qd8 10. Nb3 Bb6 11. Na3 Qc7 12. Qe2 Bd7 13. Bg5 Bc6 14. Bxf6
gxf6 15. Rad1 Nd7 16. Nd4 Bxf3 17. Qxf3 O-O-O 18. Rfe1 Rhg8 19. Nac2 Ne5 20.
Qh3 Ng4 21. f3 Ne5 22. Kh1 Kb8 23. Ne3 Ng6 24. g3 Ne5 25. Qf1 h5 26. Qe2 h4 27.
g4 Ng6 28. Ndc2 Nf4 29. Qc4 Qxc4 30. Nxc4 Bc7 31. Nd4 Rg5 32. Rd2 Rgd5 33. Ne3
R5d7 34. Red1 Kc8 35. Ng2 Ng6 36. h3 Bg3 37. Nb3 Ne5 38. Rxd7 Rxd7 39. Rxd7
Kxd7 40. Nd2 Nd3 41. Ne4 f5 42. gxf5 exf5 43. Nxg3 hxg3 44. f4 Ke6 45. h4 Nxb2
46. h5 Nd3 47. h6 Kf6 48. Nh4 Nxf4 49. h7 Kg7 50. Nxf5+ Kxh7 51. Nxg3 Kg6 52.
Ne4 b5 53. Nc5 Nd5 54. Nxa6 Nxc3 55. Nb4 Kf5 56. Kg2 Ke4 57. Kf2 f5 58. a3 f4
59. Na6 f3 60. Nc5+ Kd4 61. Nb3+ Kc4 62. Na5+ Kd3 63. Nb7 Ke4 64. Nc5+ Kd5 65.
Nb3 Nb1 66. Kxf3 Kc4 67. Na5+ Kc3 68. Ke2 Nxa3 69. Nc6 Nc2 70. Kd1 Nd4 71. Ne7
Kc4 72. Kc1 b4 73. Kb2 Kc5 74. Ng6 Nc6 75. Nf8 Nd4 76. Nd7+ Kd6 77. Nb8 Kd5 78.
Na6 b3 79. Kc3 1/2-1/2

[Event "European Senior Team Chess Championship "]
[Site "Hotel AIRO Vienna, Kurbadstr. "]
[Date "2015.07.12"]
[Round "1"]
[White "Garcia Palermo, Carlos"]
[Black "Bukacek, Emil"]
[Result "1-0"]
[WhiteElo "2442"]
[BlackElo "2153"]
[PlyCount "53"]
[EventDate "2015.07.12"]
[EventType "team"]
[EventRounds "9"]
[EventCountry "AUT"]
[WhiteTeam "Italy"]
[BlackTeam "Niederoesterreich"]

1. d4 f5 2. Nf3 Nf6 3. c4 g6 4. b4 e6 5. a3 Bg7 6. Bb2 Qe7 7. e3 d6 8. Nbd2
Nbd7 9. Be2 e5 10. dxe5 dxe5 11. c5 e4 12. Nd4 Ne5 13. Nc4 Nxc4 14. Bxc4 Ng4
15. c6 b6 16. Qb3 Ne5 17. O-O-O a5 18. Rd2 axb4 19. axb4 Nxc4 20. Qxc4 Rf8 21.
Rhd1 Qf7 22. Qxf7+ Rxf7 23. Nb5 Be6 24. Bxg7 Rxg7 25. Rd7 Ra1+ 26. Kb2 Rxd1 27.
Nxc7+ 1-0

[Event "European Senior Team Chess Championship "]
[Site "Hotel AIRO Vienna, Kurbadstr. "]
[Date "2015.07.12"]
[Round "1"]
[White "Danner, Lambert"]
[Black "Martorelli, Antonio"]
[Result "0-1"]
[WhiteElo "2112"]
[BlackElo "2271"]
[PlyCount "64"]
[EventDate "2015.07.12"]
[EventType "team"]
[EventRounds "9"]
[EventCountry "AUT"]
[WhiteTeam "Niederoesterreich"]
[BlackTeam "Italy"]

1. g3 e5 2. c4 Nf6 3. Bg2 c6 4. Nc3 d5 5. cxd5 cxd5 6. Qb3 Nc6 7. Nxd5 Nd4 8.
Nxf6+ gxf6 9. Qd1 Qc7 10. Kf1 Nc2 11. Rb1 Be6 12. b3 Rc8 13. Bb2 Ba3 14. Be4
Bxb2 15. Rxb2 Na3 16. Kg2 O-O 17. Nf3 f5 18. Bb1 f6 19. Re1 Rfd8 20. e3 Qc6 21.
Kg1 Nxb1 22. Rxb1 Rd3 23. Rc1 Qxc1 24. Qxc1 Rxc1 25. Rxc1 Bd5 26. Ne1 Rxd2 27.
Ra1 Kf7 28. Ng2 Ke6 29. Nh4 a5 30. Kf1 Be4 31. Ke1 Rb2 32. f3 Rxh2 0-1

[Event "European Senior Team Chess Championship "]
[Site "Hotel AIRO Vienna, Kurbadstr. "]
[Date "2015.07.12"]
[Round "1"]
[White "Micheli, Carlo"]
[Black "Woeber, Friedrich"]
[Result "1-0"]
[WhiteElo "2309"]
[BlackElo "2115"]
[PlyCount "165"]
[EventDate "2015.07.12"]
[EventType "team"]
[EventRounds "9"]
[EventCountry "AUT"]
[WhiteTeam "Italy"]
[BlackTeam "Niederoesterreich"]

1. e4 c5 2. Nf3 Nc6 3. d4 cxd4 4. Nxd4 g6 5. c4 Bg7 6. Nc2 d6 7. Be2 f5 8. exf5
Bxf5 9. Ne3 Nh6 10. O-O O-O 11. Na3 Nd4 12. Bd3 e6 13. Nxf5 Nhxf5 14. Bd2 Qh4
15. Rc1 Bh6 16. Rc3 Bxd2 17. Qxd2 Rac8 18. Re1 Qf6 19. Be4 Rc7 20. Rd3 Rd8 21.
b3 e5 22. f4 Re7 23. fxe5 dxe5 24. Nb5 a6 25. Nc3 Red7 26. Nd5 Qg7 27. Qg5 Rf8
28. h3 Nd6 29. Rde3 Nxe4 30. Rxe4 Rf5 31. Qg3 Nc6 32. Qe3 Qf8 33. Kh2 Rdf7 34.
Qg3 Qa3 35. Ne3 Rf4 36. Ng4 Qf8 37. Nxe5 Rxe4 38. Rxe4 Re7 39. Rf4 Qe8 40. Ng4
Qb8 41. Nh6+ Kh8 42. Ng4 Kg8 43. Nf6+ Kg7 44. Nd5 Re2 45. Nc3 Re7 46. Re4 Qe8
47. Qc7 Rxc7 48. Rxe8 Kf7 49. Rh8 Ke6 50. Nd5 Rf7 51. Kg3 Ke5 52. Re8+ Kd6 53.
Re4 b5 54. Ne3 Kc5 55. a3 b4 56. axb4+ Kxb4 57. Re6 Kc5 58. Ng4 Rb7 59. Nf6
Rxb3+ 60. Kf4 Rb7 61. Ne4+ Kb6 62. c5+ Kc7 63. Nf6 Rb4+ 64. Kg5 Rb2 65. g4 a5
66. Ne8+ Kb7 67. Nd6+ Kc7 68. Ne8+ Kd7 69. Rd6+ Kxe8 70. Rxc6 Rb5 71. Kh6 a4
72. Rc8+ Kf7 73. c6 Rc5 74. Kxh7 Rc3 75. h4 Rh3 76. h5 gxh5 77. g5 Rg3 78. c7
Rxg5 79. Ra8 h4 80. Kh6 Rc5 81. c8=Q Rxc8 82. Rxc8 h3 83. Rc3 1-0

[Event "European Senior Team Chess Championship "]
[Site "Hotel AIRO Vienna, Kurbadstr. "]
[Date "2015.07.12"]
[Round "1"]
[White "Sukopp, Karl"]
[Black "Albano, Marco"]
[Result "0-1"]
[WhiteElo "1975"]
[BlackElo "2292"]
[PlyCount "89"]
[EventDate "2015.07.12"]
[EventType "team"]
[EventRounds "9"]
[EventCountry "AUT"]
[WhiteTeam "Niederoesterreich"]
[BlackTeam "Italy"]

1. b4 e5 2. Bb2 Bxb4 3. Bxe5 Nf6 4. c4 O-O 5. a3 Ba5 6. Nf3 d5 7. cxd5 Nxd5 8.
e3 c5 9. Be2 Nc6 10. Bb2 Qb6 11. Qc1 Bf5 12. O-O Rac8 13. Nh4 Nce7 14. Nxf5
Nxf5 15. Bc4 Nde7 16. Nc3 Qh6 17. Ne4 Rc6 18. f4 a6 19. a4 Rg6 20. Rf2 Bc7 21.
Be5 Bxe5 22. fxe5 Qh4 23. Qc2 Rg4 24. Bd3 Rd8 25. Nf6+ gxf6 26. Bxf5 Rc4 27.
Qb1 fxe5 28. g3 Qh5 29. Be4 Rd7 30. Ra2 Kg7 31. Bf3 Qh6 32. Bxb7 Rb4 33. Rb2
Rdxb7 34. Qa2 Qe6 35. Qxe6 fxe6 36. Rc2 c4 37. Ra2 Nd5 38. Kg2 e4 39. Kh3 Rf7
40. Re2 Rf1 41. a5 Rg1 42. Rf2 Rb5 43. Rc2 Nf6 44. g4 Nxg4 45. Rg2 0-1

[Event "European Senior Team Chess Championship "]
[Site "Hotel AIRO Vienna, Kurbadstr. "]
[Date "2015.07.12"]
[Round "1"]
[White "Becker, Norbert"]
[Black "Zilberman, Yaacov"]
[Result "1/2-1/2"]
[WhiteElo "2114"]
[BlackElo "2383"]
[PlyCount "67"]
[EventDate "2015.07.12"]
[EventType "team"]
[EventRounds "9"]
[EventCountry "AUT"]
[WhiteTeam "Rochade Bielefeld Revival"]
[BlackTeam "Israel"]

1. Nf3 d5 2. c4 e6 3. g3 Nf6 4. Bg2 Be7 5. O-O O-O 6. b3 b6 7. Bb2 Bb7 8. d3 c5
9. Nbd2 Nc6 10. Ne5 Nxe5 11. Bxe5 Nd7 12. Bb2 Bf6 13. Qc2 Bxb2 14. Qxb2 Qf6 15.
Qxf6 Nxf6 16. a3 Rfc8 17. Rfc1 Kf8 18. b4 Nd7 19. Rab1 Rab8 20. b5 Ke7 21. a4
d4 22. a5 f5 23. Ra1 Kd6 24. axb6 axb6 25. Ra7 Bxg2 26. Kxg2 Ra8 27. Rca1 Rxa7
28. Rxa7 g5 29. g4 h6 30. h3 Rf8 31. f3 Rf7 32. Rb7 Rf8 33. Ra7 Rf7 34. Rb7
1/2-1/2

[Event "European Senior Team Chess Championship "]
[Site "Hotel AIRO Vienna, Kurbadstr. "]
[Date "2015.07.12"]
[Round "1"]
[White "Birnboim, Nathan"]
[Black "Mueller, Gerhard"]
[Result "1/2-1/2"]
[WhiteElo "2358"]
[BlackElo "2051"]
[PlyCount "87"]
[EventDate "2015.07.12"]
[EventType "team"]
[EventRounds "9"]
[EventCountry "AUT"]
[WhiteTeam "Israel"]
[BlackTeam "Rochade Bielefeld Revival"]

1. d4 g6 2. g3 Bg7 3. Bg2 d6 4. Nc3 Nd7 5. e4 e5 6. Nf3 Ngf6 7. O-O O-O 8. h3
c6 9. a4 Qc7 10. Be3 b6 11. Re1 Bb7 12. Nd2 a6 13. dxe5 dxe5 14. Nc4 b5 15. Qd6
Rfc8 16. Qxc7 Rxc7 17. Nd6 Bf8 18. Red1 b4 19. Na2 c5 20. Nxb7 Rxb7 21. g4 h6
22. b3 Rc7 23. Bf1 Nxe4 24. Bg2 f5 25. Nc1 Ndf6 26. Ne2 Re8 27. f3 Ng5 28. Bxg5
hxg5 29. gxf5 gxf5 30. Ng3 f4 31. Ne4 Nxe4 32. fxe4 c4 33. Bf1 cxb3 34. cxb3
Bc5+ 35. Kg2 Bd4 36. Rac1 Rec8 37. Rxc7 Rxc7 38. Bxa6 Rc2+ 39. Kf3 Kg7 40. Bc4
Kg6 41. Rf1 Rc3+ 42. Kg2 Rc2+ 43. Kh1 Rc3 44. Kg2 1/2-1/2

[Event "European Senior Team Chess Championship "]
[Site "Hotel AIRO Vienna, Kurbadstr. "]
[Date "2015.07.12"]
[Round "1"]
[White "Lederman, Leon"]
[Black "Beilfuss, Wilfried"]
[Result "1-0"]
[WhiteElo "2263"]
[BlackElo "2250"]
[PlyCount "82"]
[EventDate "2015.07.12"]
[EventType "team"]
[EventRounds "9"]
[EventCountry "AUT"]
[WhiteTeam "Israel"]
[BlackTeam "Rochade Bielefeld Revival"]

1. e4 c5 2. Nf3 Nc6 3. d4 cxd4 4. Nxd4 Qb6 5. Nb3 Nf6 6. Nc3 e6 7. Be3 Qc7 8.
a3 a6 9. f4 d6 10. Bd3 b5 11. O-O Bb7 12. Qf3 g6 13. Qh3 Bg7 14. Rad1 O-O 15.
f5 exf5 16. exf5 Ne5 17. Bg5 Nfd7 18. f6 Bh8 19. Rf4 Rfe8 20. Rdf1 Nxd3 21.
cxd3 Re5 22. Rg4 Rae8 23. d4 Re1 24. Rgf4 Nb6 25. Nd2 Nc4 26. Nxc4 Qxc4 27. Qh4
Rxf1+ 28. Rxf1 Qd3 29. h3 a5 30. Qf4 b4 31. axb4 axb4 32. Nd1 Re6 33. Nf2 Qe2
34. Rc1 h6 35. Bh4 Qh5 36. Ng4 g5 37. Qf5 Qxh4 38. Rc7 Qe1+ 39. Kh2 Bxf6 40.
Nxf6+ Rxf6 41. Qxf6 Bc6 1-0

[Event "European Senior Team Chess Championship "]
[Site "Hotel AIRO Vienna, Kurbadstr. "]
[Date "2015.07.12"]
[Round "1"]
[White "Schmidt, Bodo"]
[Black "Watzka, Horst"]
[Result "1/2-1/2"]
[WhiteElo "2353"]
[BlackElo "2234"]
[PlyCount "38"]
[EventDate "2015.07.12"]
[EventType "team"]
[EventRounds "9"]
[EventCountry "AUT"]
[WhiteTeam "Germany"]
[BlackTeam "Steiermark"]

1. d4 Nf6 2. Nf3 d6 3. c4 g6 4. Nc3 Bg7 5. Bg5 Nbd7 6. e3 O-O 7. h3 e5 8. Be2
Re8 9. O-O c6 10. Qc2 Qe7 11. Rfd1 Qf8 12. b4 h6 13. Bh4 exd4 14. Nxd4 a6 15.
a3 Ne5 16. f4 Ned7 17. e4 Nh7 18. Bf2 Ndf6 19. h4 Ng4 1/2-1/2

[Event "European Senior Team Chess Championship "]
[Site "Hotel AIRO Vienna, Kurbadstr. "]
[Date "2015.07.12"]
[Round "1"]
[White "Kratschmer, Heinz"]
[Black "Bartsch, Berthold"]
[Result "1/2-1/2"]
[WhiteElo "2079"]
[BlackElo "2316"]
[PlyCount "49"]
[EventDate "2015.07.12"]
[EventType "team"]
[EventRounds "9"]
[EventCountry "AUT"]
[WhiteTeam "Steiermark"]
[BlackTeam "Germany"]

1. d4 b5 2. e4 Bb7 3. Bxb5 Bxe4 4. Nf3 Nf6 5. O-O e6 6. Re1 Be7 7. Bg5 Bb7 8.
c4 O-O 9. Nc3 d6 10. Qe2 Nbd7 11. Rad1 Nb6 12. c5 Nbd5 13. c6 Bc8 14. a3 Rb8
15. Nxd5 Nxd5 16. Bxe7 Qxe7 17. Bc4 Qf6 18. Qd2 Rb6 19. Bxd5 exd5 20. Rc1 Bg4
21. Re3 Qh6 22. Qc3 Rfb8 23. b4 Qf6 24. Nd2 Rf8 25. Rce1 1/2-1/2

[Event "European Senior Team Chess Championship "]
[Site "Hotel AIRO Vienna, Kurbadstr. "]
[Date "2015.07.12"]
[Round "1"]
[White "Baum, Bernd"]
[Black "Nickl, Klaus"]
[Result "1/2-1/2"]
[WhiteElo "2264"]
[BlackElo "2046"]
[PlyCount "121"]
[EventDate "2015.07.12"]
[EventType "team"]
[EventRounds "9"]
[EventCountry "AUT"]
[WhiteTeam "Germany"]
[BlackTeam "Steiermark"]

1. g3 g6 2. Bg2 Bg7 3. d4 Nf6 4. e4 d6 5. Ne2 O-O 6. h3 Nbd7 7. Nbc3 e5 8. O-O
Re8 9. Re1 c6 10. a4 a5 11. Be3 exd4 12. Bxd4 Ne5 13. f4 Nc4 14. b3 Nb6 15. g4
d5 16. e5 Nfd7 17. Ng3 Qc7 18. Qd2 Nf8 19. Re2 Nbd7 20. Rae1 b6 21. Kh1 Ba6 22.
Rf2 Rad8 23. Nd1 Ne6 24. Bb2 Nec5 25. Bf1 Bxf1 26. Rfxf1 f6 27. exf6 Nxf6 28.
Be5 Qd7 29. Qg2 Nfe4 30. Bxg7 Qxg7 31. Nf2 Nd2 32. Rg1 Qc3 33. Rc1 Qf3 34. f5
Re3 35. fxg6 hxg6 36. Rcd1 Qxg2+ 37. Rxg2 Nf3 38. Nd3 Nxd3 39. cxd3 Rde8 40.
Rf2 Ne5 41. Kh2 Rf8 42. Kg2 Rxf2+ 43. Kxf2 Rf3+ 44. Kg2 Rxd3 45. Re1 Rd2+ 46.
Kf1 Rd3 47. Kf2 Nd7 48. Re6 Nf8 49. Rxc6 Rxb3 50. h4 Kf7 51. Ne2 Rb4 52. Kg3
Ne6 53. h5 gxh5 54. gxh5 Re4 55. Nc3 Re3+ 56. Kf2 d4 57. Nd5 Re5 58. Nxb6 Rxh5
59. Nc4 Nc5 60. Nxa5 Nxa4 61. Nb3 1/2-1/2

[Event "European Senior Team Chess Championship "]
[Site "Hotel AIRO Vienna, Kurbadstr. "]
[Date "2015.07.12"]
[Round "1"]
[White "Pitzl, Konstantinos"]
[Black "Clemens, Christian"]
[Result "1/2-1/2"]
[WhiteElo "2008"]
[BlackElo "2280"]
[PlyCount "37"]
[EventDate "2015.07.12"]
[EventType "team"]
[EventRounds "9"]
[EventCountry "AUT"]
[WhiteTeam "Steiermark"]
[BlackTeam "Germany"]

1. Nf3 d5 2. g3 g6 3. Bg2 Bg7 4. O-O e5 5. d3 Ne7 6. c4 O-O 7. cxd5 Nxd5 8.
Nbd2 Nc6 9. a3 h6 10. Qc2 a5 11. Nc4 Be6 12. e4 Nde7 13. Be3 Qd7 14. Rac1 Bg4
15. Bc5 Bxf3 16. Bxf3 Nd4 17. Bxd4 Qxd4 18. Ne3 c6 19. Qc5 1/2-1/2

[Event "European Senior Team Chess Championship "]
[Site "Hotel AIRO Vienna, Kurbadstr. "]
[Date "2015.07.13"]
[Round "2"]
[White "Balashov, Yuri S"]
[Black "Nevednichy, Boris M"]
[Result "1/2-1/2"]
[WhiteElo "2437"]
[BlackElo "2153"]
[PlyCount "74"]
[EventDate "2015.07.12"]
[EventType "team"]
[EventRounds "9"]
[EventCountry "AUT"]
[WhiteTeam "Russia 1"]
[BlackTeam "Moldova"]

1. d4 Nf6 2. Nf3 e6 3. e3 b6 4. Bd3 Bb7 5. O-O Be4 6. c4 c5 7. Nc3 Bxf3 8. Qxf3
Nc6 9. d5 Ne5 10. Qe2 exd5 11. cxd5 Nxd3 12. Qxd3 d6 13. e4 Be7 14. f4 Nd7 15.
Qe2 Qb8 16. Re1 Bf6 17. e5 dxe5 18. fxe5 Bxe5 19. Bf4 f6 20. Qh5+ g6 21. Qh6
Kf7 22. Bxe5 Nxe5 23. Ne4 Ng4 24. Qh4 h5 25. d6 Qd8 26. h3 Nh6 27. Qf2 Nf5 28.
Rad1 h4 29. g4 hxg3 30. Nxg3 Nxg3 31. Qxg3 Re8 32. Rxe8 Qxe8 33. Re1 Qa4 34.
Re7+ Kf8 35. Qxg6 Qd1+ 36. Kf2 Qd2+ 37. Kf3 Qd1+ 1/2-1/2

[Event "European Senior Team Chess Championship "]
[Site "Hotel AIRO Vienna, Kurbadstr. "]
[Date "2015.07.13"]
[Round "2"]
[White "Romcovici, Victor"]
[Black "Zhelnin, Vladimir V"]
[Result "0-1"]
[WhiteElo "2086"]
[BlackElo "2473"]
[PlyCount "58"]
[EventDate "2015.07.12"]
[EventType "team"]
[EventRounds "9"]
[EventCountry "AUT"]
[WhiteTeam "Moldova"]
[BlackTeam "Russia 1"]

1. d4 Nf6 2. Nf3 g6 3. Nc3 Bg7 4. e4 d6 5. h3 O-O 6. Be3 c6 7. a4 Nbd7 8. Qd2
e5 9. dxe5 dxe5 10. a5 Qe7 11. Ra4 Rd8 12. Bc4 b5 13. axb6 Nxb6 14. Bxb6 Rxd2
15. Nxd2 Qb7 16. Ba5 Nd7 17. Rb4 Nb6 18. O-O Qe7 19. Bd3 Be6 20. b3 Qc5 21. Nb5
cxb5 22. Rxb5 Qc6 23. Ra1 Rd8 24. Bb4 Rxd3 25. Rc5 Qxc5 26. Bxc5 Rxd2 27. Rxa7
Nc8 28. Ra8 Rxc2 29. b4 Bf8 0-1

[Event "European Senior Team Chess Championship "]
[Site "Hotel AIRO Vienna, Kurbadstr. "]
[Date "2015.07.13"]
[Round "2"]
[White "Pushkov, Nikolai"]
[Black "Scovitin, Albert"]
[Result "1/2-1/2"]
[WhiteElo "2301"]
[BlackElo "2103"]
[PlyCount "119"]
[EventDate "2015.07.12"]
[EventType "team"]
[EventRounds "9"]
[EventCountry "AUT"]
[WhiteTeam "Russia 1"]
[BlackTeam "Moldova"]

1. Nf3 d5 2. d4 Nf6 3. c4 e6 4. Nc3 Be7 5. Bf4 O-O 6. e3 c6 7. h3 Nbd7 8. Qc2
Re8 9. Bd3 Nf8 10. O-O Ng6 11. Bg3 Bd6 12. Bxd6 Qxd6 13. c5 Qc7 14. Bxg6 hxg6
15. Ne5 Bd7 16. Rfc1 Rec8 17. b4 Be8 18. a4 Nd7 19. f4 Nf8 20. Qf2 f6 21. Nf3
Nd7 22. a5 Nb8 23. Rcb1 Bd7 24. Qc2 Be8 25. b5 cxb5 26. Nxb5 Bxb5 27. Rxb5 Qf7
28. Rab1 Rc7 29. R1b2 Nc6 30. Qb1 Rac8 31. Rxb7 Nxa5 32. Rxc7 Qxc7 33. Rb5 Nc4
34. Rb7 Qc6 35. Rxa7 Ra8 36. Rxa8+ Qxa8 37. Qxg6 Nxe3 38. Qd3 Qa1+ 39. Kf2 Nd1+
40. Kg3 Nc3 41. Qc2 Ne4+ 42. Kh2 Qa5 43. Qb2 Qc7 44. g3 Qc6 45. Nd2 Qa4 46. Kg2
Qd1 47. Nf3 Qd3 48. h4 Qc4 49. Ne1 Kh7 50. Qc2 Qxd4 51. c6 Qe3 52. Nf3 Kh6 53.
c7 Nd6 54. Ng5 Kh5 55. Nxe6 g6 56. Qd1+ Kh6 57. Qxd5 Ne4 58. Qa2 Qxg3+ 59. Kf1
Qd3+ 60. Kg2 1/2-1/2

[Event "European Senior Team Chess Championship "]
[Site "Hotel AIRO Vienna, Kurbadstr. "]
[Date "2015.07.13"]
[Round "2"]
[White "Chirpii, Alexandru"]
[Black "Zakharov, Alexander"]
[Result "1/2-1/2"]
[WhiteElo "1878"]
[BlackElo "2329"]
[PlyCount "29"]
[EventDate "2015.07.12"]
[EventType "team"]
[EventRounds "9"]
[EventCountry "AUT"]
[WhiteTeam "Moldova"]
[BlackTeam "Russia 1"]

1. b4 e5 2. Bb2 Bxb4 3. Bxe5 Nf6 4. Nf3 O-O 5. e3 Re8 6. Be2 d5 7. O-O Bg4 8.
Bb2 Nbd7 9. d3 Bd6 10. Nbd2 c6 11. c4 Qc7 12. h3 Bxf3 13. Bxf3 Ne5 14. cxd5
cxd5 15. Qb3 1/2-1/2

[Event "European Senior Team Chess Championship "]
[Site "Hotel AIRO Vienna, Kurbadstr. "]
[Date "2015.07.13"]
[Round "2"]
[White "Stebbings, Anthony J"]
[Black "Mariotti, Sergio"]
[Result "1/2-1/2"]
[WhiteElo "2312"]
[BlackElo "2295"]
[PlyCount "81"]
[EventDate "2015.07.12"]
[EventType "team"]
[EventRounds "9"]
[EventCountry "AUT"]
[WhiteTeam "England 1"]
[BlackTeam "Italy"]

1. d4 Nf6 2. c4 e6 3. Nc3 Bb4 4. e3 O-O 5. Bd3 c5 6. Nge2 d6 7. a3 Ba5 8. O-O
e5 9. Qc2 Nc6 10. d5 Ne7 11. f4 exf4 12. exf4 Ng6 13. Bd2 Re8 14. h3 a6 15.
Rae1 Bd7 16. Kh2 Bxc3 17. Nxc3 Rxe1 18. Rxe1 b5 19. cxb5 axb5 20. Bxb5 Bxb5 21.
Nxb5 Nxd5 22. Qe4 Nf6 23. Qc6 Ne8 24. a4 Kf8 25. b3 Ne7 26. Qe4 Nf6 27. Qc4 Rc8
28. Qd3 d5 29. a5 Ne4 30. Ra1 c4 31. bxc4 Nxd2 32. Qxd2 dxc4 33. Qxd8+ Rxd8 34.
a6 Ra8 35. Nc7 Ra7 36. Nb5 Ra8 37. a7 Nc6 38. Ra6 Nxa7 39. Nxa7 c3 40. Rc6 Rxa7
41. Rxc3 1/2-1/2

[Event "European Senior Team Chess Championship "]
[Site "Hotel AIRO Vienna, Kurbadstr. "]
[Date "2015.07.13"]
[Round "2"]
[White "Martorelli, Antonio"]
[Black "James, Geoffrey H"]
[Result "1/2-1/2"]
[WhiteElo "2271"]
[BlackElo "2166"]
[PlyCount "114"]
[EventDate "2015.07.12"]
[EventType "team"]
[EventRounds "9"]
[EventCountry "AUT"]
[WhiteTeam "Italy"]
[BlackTeam "England 1"]

1. e4 e5 2. Nf3 Nc6 3. Bb5 a6 4. Ba4 d6 5. O-O Bd7 6. Re1 g6 7. d4 Bg7 8. d5
Nb8 9. c4 Ne7 10. Nc3 O-O 11. Bxd7 Nxd7 12. b4 a5 13. bxa5 Rxa5 14. a4 Nc5 15.
Ba3 b6 16. Bb4 Ra6 17. a5 bxa5 18. Rxa5 Rxa5 19. Bxa5 Qd7 20. Bb4 Na6 21. Ba3
Rb8 22. Qc2 c5 23. dxc6 Qxc6 24. Rd1 Nb4 25. Qb3 Na6 26. Qa4 Qxa4 27. Nxa4 Bf8
28. Bxd6 Rd8 29. Nc3 f6 30. Kf1 Rc8 31. Nd2 Rc6 32. Nb5 Nc8 33. Bxf8 Kxf8 34.
Ra1 Ke7 35. Nb3 Nc5 36. Na5 Rb6 37. f3 Nd6 38. Nxd6 Rxd6 39. Ke2 Ra6 40. Kd1
Nb7 41. Nb3 Rxa1+ 42. Nxa1 Na5 43. c5 Kd7 44. Nc2 Nb3 45. Nb4 Nxc5 46. Kd2 Ke6
47. Ke3 f5 48. exf5+ gxf5 49. g4 Nd7 50. g5 f4+ 51. Kd3 Kf5 52. h4 Nc5+ 53. Kc4
e4 54. Kxc5 exf3 55. Nd3 Kg4 56. Kd4 Kxh4 57. Ke4 Kxg5 1/2-1/2

[Event "European Senior Team Chess Championship "]
[Site "Hotel AIRO Vienna, Kurbadstr. "]
[Date "2015.07.13"]
[Round "2"]
[White "Stokes, Michael"]
[Black "Micheli, Carlo"]
[Result "1/2-1/2"]
[WhiteElo "2161"]
[BlackElo "2309"]
[PlyCount "54"]
[EventDate "2015.07.12"]
[EventType "team"]
[EventRounds "9"]
[EventCountry "AUT"]
[WhiteTeam "England 1"]
[BlackTeam "Italy"]

1. e4 c5 2. d4 cxd4 3. c3 dxc3 4. Nxc3 Nc6 5. Nf3 e6 6. Bc4 Nf6 7. Qe2 d6 8.
O-O Be7 9. Rd1 Bd7 10. Bg5 O-O 11. Bxf6 gxf6 12. Nb5 Qb8 13. Qd2 Rd8 14. Qf4
Ne5 15. Nxe5 fxe5 16. Qh6 Bc6 17. Re1 Kh8 18. Qh5 Rf8 19. Re3 Rg8 20. Qxf7 Bg5
21. Rg3 d5 22. exd5 exd5 23. Be2 a6 24. Nc3 d4 25. Bd3 Rg7 26. Qf5 dxc3 27.
Rxg5 Qc7 1/2-1/2